Quiz de Minas Gerais - Statistics

Estatísticas Gerais
  • Esse quiz foi jogado 454 vezes
  • A pontuação média é 22 de 28
Estatísticas das Respostas
Pista Resposta % Correto
Capital e maior cidade Belo Horizonte
100%
Estado que faz divisa ao sudeste Rio de Janeiro
94%
Estado que faz divisa ao sul São Paulo
94%
Região do Brasil que o estado se localiza Sudeste
94%
Estado que faz divisa ao norte Bahia
93%
Estado que faz divisa ao leste Espírito Santo
93%
Estado que faz divisa ao oeste Goiás
90%
Biomas presentes no estado (nomeie qualquer um deles) Mata Atlântica | Cerrado | Caatinga
87%
Prato típico mais conhecido do estado Pão de Queijo
87%
Segunda maior cidade Uberlândia
86%
Mártir da inconfidência mineira Tiradentes
84%
Cidade onde ocorreu um desastre com barragem de mineração que deixou pelo menos 259 pessoas mortas Brumadinho
83%
Clube com mais títulos estaduais Atlético Mineiro
80%
Antiga capital do estado Ouro Preto
80%
Governador do estado Romeu Zema
80%
Estado que faz uma pequena divisa ao sudoeste Mato Grosso do Sul
79%
Melhor jogador de futebol de todos os tempos, nascido em Três Corações Pelé
79%
Maior estádio do estado, com capacidade para quase 62 mil espectadores Mineirão
75%
Região onde a cidade acima se localiza Triângulo Mineiro
75%
Famosa lagoa localizada na capital Lagoa da Pampulha
73%
Escultor e arquiteto barroco natural da cidade acima Aleijadinho
72%
Presidente responsável pela construção de Brasília Juscelino Kubitschek
71%
Importante rio brasileiro que nasce na Serra da Canastra São Francisco
68%
Importante inventor brasileiro cuja cidade de nascimento foi rebatizada com seu nome Santos Dumont
62%
Presidente eleito indiretamente após a ditadura militar, mas que morreu antes de assumir o cargo Tancredo Neves
57%
Médium que ganhou o título de "Maior Brasileiro de Todos os Tempos" em 2012 Chico Xavier
52%
Mineiro considerado por muitos o poeta brasileiro mais influente do século XX Carlos Drummond de Andrade
41%
Principal exportação Minério de ferro
38%
Nenhum quiz correspondente encontrado
Distribuição das Pontuações
Porcentagem de Pessoas com Cada Pontuação
Percentil de Números Respondidos
Sua Pontuação Histórica
Você não jogou esse quiz